000 00921nam a2200121Ia 4500
008 220620s9999||||xx |||||||||||||| ||und||
245 0 _aHistorical and Multidisciplinary Perspectives on Hope
546 _aEnglish[eng]
650 _aPositive Psychology||Moral Philosophy||Sociology of Religion||Christian Theology||Heterodox Economics||Moral Philosophy and Applied Ethics||Hope Theory||Hope Theory and Positive Psychology||Hope and Human Economic Behaviour||Cognitive Psychology||Philosophy and Theology of Hope||Hope Development in Western Countries||Hope Research||Hope and Health Studies||Open Access||Positive psychology||Ethics & moral philosophy||Religion & beliefs||Sociology & anthropology||Christianity||Theology||Economic theory & philosophy
700 _avan den Heuvel, Steven C.
856 _uhttps://library.oapen.org/bitstream/20.500.12657/41283/1/2020_Book_HistoricalAndMultidisciplinary.pdf
942 _cEB
999 _c32349
_d32349